00611nam a2200193Ia 4500008004100000020001800041082000800059100002300067245002900090250000600119260002900125300001100154500002400165650002400189942000700213952009000220952009000310999001700400230524s9999 xx 000 0 und d a9780747585893 bHOS a"Hosseini, Khaled" 2aA Thousand Splendid Suns a1 aLondonbBloomsburyc2008 a419 p. aQuantity Number: 2 aMiscellaneous91877 cBK 00104070aTATCLbTATCLcGENd2023-05-24l0o HOSp48326r2023-05-24w2023-05-24yBK 00104070aTATCLbTATCLcGENd2023-05-24l0o HOSp48327r2023-05-24w2023-05-24yBK c52512d52512